Kostanay Airport Destinations (Kostanay, Kazakhstan) - Statistics

General Stats
  • This quiz has been taken 14 times
    7 since last reset
  • The average score is 3 of 6
Answer Stats
Airline Destination % Correct
Fly Arystan Almaty
100%
Fly Arystan/Qazaq Air Astana
100%
Aeroflot Moscow (Sheremetyevo)
67%
Fly Arystan/Sunday Airlines Antalya
33%
Fly Arystan Symkent
17%
Qazaq Air Turkistan
17%
No matching quizzes found
Score Distribution
Percent of People with Each Score
Percentile by Number Answered
Your Score History
You have not taken this quiz since the last reset